Klíčový přínos Assessment a Development Center v době ekonomického růstu

Aktuálna situácia na pracovnom trhu pre zamestnávateľa nie je ľahká. Význam kvalitne nastaveného náborového procesu, ktorý kombinuje diagnostické a psychometrické metódy. Efektívny nástroj na odhalenie potenciálu kadidáta vykonávať konkrétnu pracovnú pozíciu - AC/DC, jeho výhody.

Na minha lista:
Detalhes bibliográficos
Autor principal: Dušek, Václav
Formato: Capítulo de Livro
Idioma:tcheco
Assuntos:
Tags: Adicionar Tag
Sem tags, seja o primeiro a adicionar uma tag!

MARC

LEADER 00000naa a2200000 4500
001 0235001
005 20170814092307.3
041 0 |a cze 
044 |a CZ 
245 1 0 |a Klíčový přínos Assessment a Development Center v době ekonomického růstu  |c Václav Dušek 
520 |a Aktuálna situácia na pracovnom trhu pre zamestnávateľa nie je ľahká. Význam kvalitne nastaveného náborového procesu, ktorý kombinuje diagnostické a psychometrické metódy. Efektívny nástroj na odhalenie potenciálu kadidáta vykonávať konkrétnu pracovnú pozíciu - AC/DC, jeho výhody. 
610 2 0 |a nábor pracovníkov 
610 2 0 |a trh práce 
100 1 |a Dušek, Václav